000
00292nam a22001337a 4500
008
170526b xxu||||| |||| 00| 0 eng d
020
_a
0471739200
041
_a
eng
080
_a
612.3
100
_a
27
101
_a
IM
245
_a
ELECTROMAGNETIC DEVICES
_c
ROTERS, H.C
942
_2
udc
_c
BK
999
_c
14588
_d
14588